Slovník slovensko-nemecký

Salvato in:
Dettagli Bibliografici
Natura: Libro
Lingua:slovacco
tedesco
Pubblicazione: Bratislava Komenský 1943
Edizione:2. erweiterte Auflage
Tags: Aggiungi Tag
Nessun Tag, puoi essere il primo ad aggiungerne!!

MARC

LEADER 00000nam a2200000 4500
001 0268921
005 20240822101713.3
041 0 |a slo 
041 0 |a ger 
044 |a -CS 
245 1 0 |a Slovník slovensko-nemecký  |c zusammengestellt von: Johann Schultz 
250 |a 2. erweiterte Auflage 
264 1 |a Bratislava  |b Komenský  |c 1943